Open Data Biblioteca Nacional de Portugal


República Portuguesa: Ministério da Cultura
Biblioteca Nacional de Portugal

Catálogo da BNP: acesso por Identificadores Unívocos
Registos Bibliográficos associados ao registo de autoridade

Etiqueta de registo: 00698cam 2200253 450
001 1050772
003 http://id.bnportugal.gov.pt/bib/catbnp/1050772
005 20020223150900.0
010 ## $a972-40-1382-0
021 ## $aPT$b154620/00
100 ## $a20010314d2000 m y0pory0103 ba
101 0# $apor
102 ## $aPT
105 ## $ay z 001yy
106 ## $ar
200 1# $aRendas livres e condicionadas$eguia prático$f[anot.] Carlos Ricardo Soares
205 ## $a2ª ed
210 #9 $aCoimbra$cAlmedina,$d2000
215 ## $a175 p.$d23 cm
675 ## $a347.4(469)$vBN$zpor$3303667
702 #1 $aSoares,$bCarlos Ricardo,$f1957-$4020$3798293
740 #1 $aPortugal.$tLeis, decretos, etc.$31483314
966 ## $lBN$mFGMON$sS.C. 89163 V.$x1

Etiqueta de registo: 00703cam 2200253 450
001 1073499
003 http://id.bnportugal.gov.pt/bib/catbnp/1073499
005 20020513141000.0
010 ## $a972-40-1533-5
021 ## $aPT$b164468/01
100 ## $a20011226d2001 me 0pory0103 ba
101 0# $apor
102 ## $aPT
105 ## $ay n 001yy
106 ## $ar
200 1# $aHeranças & partilhas$eguia prático$fCarlos Ricardo Soares
205 ## $a2ª ed
210 #9 $aCoimbra$cAlmedina,$d2001
215 ## $a229 p.$d23 cm
532 13 $aHeranças e partilhas
675 ## $a347.6(469)(035)$vBN$zpor$31465945
700 #1 $aSoares,$bCarlos Ricardo,$f1957-$3798293
900 ## $aBIBNAC$d20130602
966 ## $lBN$mFGMON$sS.C. 92835 V.$x1
966 ## $lBN$mFGMON$sS.C. 92835 V.$x1

Etiqueta de registo: 00689cam 2200241 450
001 1073530
003 http://id.bnportugal.gov.pt/bib/catbnp/1073530
005 20020424150100.0
010 ## $a972-40-1546-7
021 ## $aPT$b148401/00
100 ## $a20011227d2001 k y0pory0103 ba
101 0# $apor
102 ## $aPT
105 ## $ay n 001yy
106 ## $ar
200 1# $aContrato-promessa de compra e venda de fracção autónoma$eguia prático$fCarlos Ricardo Soares
205 ## $a2ª ed
210 #9 $aCoimbra$cAlmedina,$d2001
215 ## $a181 p.$d23 cm
500 00 $aLeis, decretos, etc.
675 ## $a347.4(076)$vBN$zpor$3432382
700 #1 $aSoares,$bCarlos Ricardo,$f1957-$3798293
900 ## $aBIBNAC$d20130602
966 ## $lBN$mFGMON$sS.C. 92445 V.$x1

Etiqueta de registo: 00230nam 2200025 450
001 1769731
003 http://id.bnportugal.gov.pt/bib/catbnp/1769731
100 ## $a20110201d2008 k y0pory0103 ba
101 0# $aporpor$deng
102 ## $aPT
105 ## $aa m 000yy
106 ## $ar
200 1# $aUtilização da plataforma de e-learning moodle nas escolas básicas 2,3 e secundárias, de Penafiel$fCarlos Ricardo Soares
210 #9 $aPorto$c[s.n.],$d2008
215 ## $a100 f.$cil.$d30 cm
215 ## $a1 disco óptico (CD-ROM) em caixa$d13 x 14 x 1 cm
305 ## $aEd. impressa e em CD-ROM
320 ## $aBibliografia, f. 72-77
328 #1 $aTese mestr. Ciências da Educação (Informática Educacional), Fac. de Educação e Psicologia, Univ. Católica Portuguesa, 2008
675 ## $a37.018(469)(043)$vBN$zpor$31218257
675 ## $a371.33(469)(043)$vBN$zpor$31222616
675 ## $a004.77(469)(043)$vBN$zpor$31412039
675 ## $a373.3/.5(469)(043)$vBN$zpor$3646120
700 #1 $aSoares,$bCarlos Ricardo,$f1957-$3798293
801 #0 $aPT$bBN$gRPC
966 ## $lBN$mDEM$sS.C. 39456 P.$x1
966 ## $lBN$mFGMON$sS.C. 124775 V.$x1

Etiqueta de registo: 00230nam 2200025 450
001 1722642
003 http://id.bnportugal.gov.pt/bib/catbnp/1722642
010 ## $a978-972-40-2632-9
021 ## $aPT$b232164/05
100 ## $a20090824e20072005mk y0pory0103 ba
101 0# $apor
102 ## $aPT
105 ## $ay n 000yy
106 ## $ar
200 1# $aHeranças & partilhas$eguia prático$fCarlos Ricardo Soares
205 ## $a3ª ed.,$breimp. da edição de Nov.-2005
210 #9 $aCoimbra$cAlmedina,$d2007
215 ## $a229 p.$d24 cm
675 ## $a347.6(469)(035)$vBN$zpor$31465945
700 #1 $aSoares,$bCarlos Ricardo,$f1957-$3798293
801 #0 $aPT$bBN$gRPC
900 ## $aBIBNAC$d20091106
966 ## $lBN$mFGMON$sS.C. 118513 V.$x1

Etiqueta de registo: 00230nam 2200025 450
001 1707272
003 http://id.bnportugal.gov.pt/bib/catbnp/1707272
010 ## $a978-972-40-2632-9
021 ## $aPT$b232164/05
100 ## $a20090330e20092005m y0pory0103 ba
101 0# $apor
102 ## $aPT
105 ## $ay z 000yy
106 ## $ar
200 1# $aHeranças & partilhas$eguia prático$fCarlos Ricardo Soares
205 ## $a3ª ed.,$b2ª reimp
210 #9 $aCoimbra$cAlmedina,$d2009
215 ## $a229 p.$d23 cm
225 2# $aGuias práticos
532 13 $aHeranças e partilhas
675 ## $a347.6(469)(035)$vBN$zpor$31465945
700 #1 $aSoares,$bCarlos Ricardo,$f1957-$3798293
801 #0 $aPT$bBN$gRPC
900 ## $aBIBNAC$d20110729
966 ## $lBN$mFGMON$pG. C. Gráfica de Coimbra$sS.C. 125749 V.$x1

Etiqueta de registo: 00230nam 2200025 450
001 1286206
003 http://id.bnportugal.gov.pt/bib/catbnp/1286206
010 ## $a972-40-1533-5
021 ## $aPT$b164468/01
100 ## $a20040614e20032001k y0pory0103 ba
101 0# $apor
102 ## $aPT
105 ## $ay z 001yy
106 ## $ar
200 1# $aHeranças & partilhas$eguia prático$fCarlos Ricardo Soares
205 ## $a[2ª ed.],$b2ª reimp
210 #9 $aCoimbra$cAlmedina,$d2003
215 ## $a229 p.$d23 cm
532 12 $aHeranças e partilhas
675 ## $a347.6(469)(035)$vBN$zpor$31465945
700 #1 $aSoares,$bCarlos Ricardo,$f1957-$3798293
900 ## $aBIBNAC$d20130602
966 ## $lBN$mFGMON$sS.C. 100911 V.$x1

Etiqueta de registo: 00230nam 2200025 450
001 1286297
003 http://id.bnportugal.gov.pt/bib/catbnp/1286297
010 ## $a972-40-1546-7
021 ## $aPT$b148401/00
100 ## $a20040615d2003 k y0pory0103 ba
101 0# $apor
102 ## $aPT
105 ## $ay z 001yy
106 ## $ar
200 1# $aContrato-promessa de compra e venda de fracção autónoma$eguia prático$fCarlos Ricardo Soares
205 ## $a2ª ed.,$breimp
210 #9 $aCoimbra$cAlmedina,$d2003
215 ## $a181 p.$d23 cm
675 ## $a347.4(469)(076)$vBN$zpor$31022447
700 #1 $aSoares,$bCarlos Ricardo,$f1957-$3798293
900 ## $aBIBNAC$d20130602
966 ## $lBN$mFGMON$sS.C. 101264 V.$x1

Etiqueta de registo: 00230nam 2200025 450
001 1361373
003 http://id.bnportugal.gov.pt/bib/catbnp/1361373
010 ## $a972-40-1533-5
021 ## $aPT$b164468/01
100 ## $a20051219e20041997mk y0pory0103 ba
101 0# $apor
102 ## $aPT
105 ## $ay n 001yy
106 ## $ar
200 1# $aHeranças e partilhas$eguia prático$fCarlos Ricardo Soares
205 ## $a2ª ed.,$b3ª reimp
210 #9 $aCoimbra$cAlmedina,$d2004
215 ## $a229 p.$d24 cm
532 13 $aHeranças e partilhas
675 ## $a347.6(469)(035)$vBN$zpor$31465945
700 #1 $aSoares,$bCarlos Ricardo,$f1957-$3798293
900 ## $aBIBNAC$d20130602
966 ## $lBN$mFGMON$nDuplicado retrado para a PGR$sS.C. 104377 V.$x1

Etiqueta de registo: 00746cam 2200277 450
001 884261
003 http://id.bnportugal.gov.pt/bib/catbnp/884261
005 20020223150900.0
010 ## $a972-40-1043-0
021 ## $aPT$b117540/97
095 ## $aPTBN01012348
100 ## $a19981019d1997 m y0pory0103 ba
101 0# $apor
102 ## $aPT
105 ## $ay z 001yy
106 ## $ar
200 1# $aHeranças & partilhas$eguia prático$fCarlos Ricardo Soares
210 #9 $aCoimbra$cAlmedina,$d1997
215 ## $a218 p.$d23 cm
532 13 $aHeranças e partilhas
675 ## $a347.6(469)(035)$vBN$zpor$31465945
700 #1 $aSoares,$bCarlos Ricardo,$f1957-$3798293
801 #0 $aPT$bBN$gRPC
966 ## $c2$lBN$mFGMON$sS.C. 80316 V.$x1
966 ## $c2$lBN$mFGMON$sS.C. 80316 V.$x1

Etiqueta de registo: 00653cam 2200241 450
001 1021960
003 http://id.bnportugal.gov.pt/bib/catbnp/1021960
005 20020223150900.0
010 ## $a972-40-1043-0
021 ## $aPT$b117540/97
100 ## $a20000512e19991997m y0pory0103 ba
101 0# $apor
102 ## $aPT
105 ## $ay z 001yy
106 ## $ar
200 1# $aHeranças & partilhas$eguia prático$fCarlos Ricardo Soares
205 ## $a3ª reimp
210 #9 $aCoimbra$cAlmedina,$d1999
215 ## $a218 p.$d23 cm
532 13 $aHeranças e partilhas
675 ## $a347.6(469)(035)$vBN$zpor$31465945
700 #1 $aSoares,$bCarlos Ricardo,$f1957-$3798293
966 ## $lBN$mFGMON$sS.C. 85749 V.$x1
966 ## $lBN$mFGMON$sS.C. 85749 V.$x1

Etiqueta de registo: 00573cam 2200217 450
001 1018870
003 http://id.bnportugal.gov.pt/bib/catbnp/1018870
005 20000712120600.0
010 ## $a972-40-1043-0
021 ## $aPT$b117540/97
100 ## $a20000406e19981997m y0pory0103 ba
101 0# $apor
102 ## $aPT
105 ## $ay z 001yy
106 ## $ar
200 1# $aHeranças & partilhas$eguia prático$fCarlos Ricardo
205 ## $a(2ª reimp.)
210 #9 $aCoimbra$cLivr. Almedina,$d1998
215 ## $a218 p.$d23 cm
675 ## $a347.6(469)(094.4)$vBN$zpor$3705400
700 #1 $aSoares,$bCarlos Ricardo,$f1957-$3798293
966 ## $lBN$mFGMON$sS.C. 102022 V.$x1

Etiqueta de registo: 00553cam 2200205 450
001 1018873
003 http://id.bnportugal.gov.pt/bib/catbnp/1018873
005 20000623105300.0
010 ## $a972-40-1171-2
021 ## $aPT$b130089/98
100 ## $a20000406d1999 k y0pory0103 ba
101 0# $apor
102 ## $aPT
105 ## $ay z 001yy
106 ## $ar
200 1# $aRendas livres e condicionadas$eguia prático$fCarlos Ricardo Soares
210 #9 $aCoimbra$cLivr. Almedina,$d1999
215 ## $a175 p.$d23 cm
675 ## $a347.4(469)$vBN$zpor$3303667
700 #1 $aSoares,$bCarlos Ricardo,$f1957-$3798293
966 ## $lBN$mFGMON$sS.A. 92261 V.$x1

Etiqueta de registo: 00709cam 2200241 450
001 1044212
003 http://id.bnportugal.gov.pt/bib/catbnp/1044212
005 20020223150900.0
010 ## $a972-40-1308-1
021 ## $aPT$b148401/00
100 ## $a20010111d2000 m y0pory0103 ba
101 0# $apor
102 ## $aPT
105 ## $ay n 001yy
106 ## $ar
200 1# $aContrato-promessa , de compra e venda de fracção autónoma$fCarlos Ricardo Soares$eguia prático
210 #9 $aCoimbra$cAlmedina,$d2000
215 ## $a181 p.$d23 cm
500 00 $aLeis, decretos, etc.
675 ## $a347.4(094.4)$vBN$zpor$3335947
700 #1 $aSoares,$bCarlos Ricardo,$f1957-$3798293
966 ## $lBN$mFGMON$sS.C. 87899 V.$x1

Etiqueta de registo: 00685cam 2200253 450
001 1006382
003 http://id.bnportugal.gov.pt/bib/catbnp/1006382
005 20020223150900.0
010 ## $a972-40-1043-0
021 ## $aPT$b117540/97
100 ## $a19991108d1998 m y0pory0103 ba
101 0# $apor
102 ## $aPT
105 ## $ay z 001yy
106 ## $ar
200 1# $aHeranças & partilhas$eguia prático$fCarlos Ricardo Soares
205 ## $aReimp
210 #9 $aCoimbra$cAlmedina,$d1998
215 ## $a218 p.$d23 cm
532 13 $aHeranças e partilhas
675 ## $a347.6(469)(035)$vBN$zpor$31465945
700 #1 $aSoares,$bCarlos Ricardo,$f1957-$3798293
966 ## $lBN$mFGMON$sS.C. 83167 V.$x1
966 ## $lBN$mFGMON$sS.C. 83167 V.$x1

Etiqueta de registo: 00000nam 2200025 450
001 1860434
003 http://id.bnportugal.gov.pt/bib/catbnp/1860434
010 ## $a978-972-40-5496-4
021 ## $aPT$b370913/14
100 ## $a20140106d2014 km y0pory01030103ba
101 0# $apor
102 ## $aPT
105 ## $ay z 000yy
106 ## $ar
200 1# $aHeranças & partilhas$eguia prático$fCarlos Ricardo Soares
205 ## $a4ª ed
210 #9 $aCoimbra$cAlmedina,$d2014
215 ## $a164 p.$d23 cm
225 2# $aGuias práticos
305 ## $aAtualizada, de acordo com a Lei nº 23/2013, de 5 de março, que aprovou o RJPI - Regime Jurídico do Processo de Inventário
327 1# $aContém: Partilha (Mortis causa em vida), Doações (Mortis causa inter vivos), Testamentos, Legislação
532 13 $aHeranças e partilhas
675 ## $a347.6(469)(035)$vBN$zpor$31465945
675 ## $a347.91(469)(035)$vBN$zpor$31309548
700 #1 $aSoares,$bCarlos Ricardo,$f1957-$3798293
801 #0 $aPT$bBN$gRPC
856 41 $uhttp://rnod.bnportugal.gov.pt/ImagesBN/winlibimg.aspx?skey=&doc=1860434&img=43468&save=true
900 ## $aBIBNAC$d20140605
966 ## $lBN$mFGMON$sS.C. 137960 V.$x1

Etiqueta de registo: 00000nam 2200025 450
001 1887925
003 http://id.bnportugal.gov.pt/bib/catbnp/1887925
010 ## $a978-972-40-5496-4
021 ## $aPT$b370913/14
100 ## $a20140130e20142014km y0pory01030103ba
101 0# $apor
102 ## $aPT
105 ## $ay z 000yy
106 ## $ar
200 1# $aHeranças & partilhas$eguia prático$fCarlos Ricardo Soares
205 ## $a4ª ed.,$breimp
210 #9 $aCoimbra$cAlmedina,$d2014
215 ## $a164 p.$d23 cm
225 2# $aGuias práticos
305 ## $aAtualizada, de acordo com a Lei nº 23/2013, de 5 de março, que aprovou o RJPI - Regime Jurídico do Processo de Inventário
327 1# $aContém: Partilha (Mortis causa em vida) ; Doações (Mortis causa inter vivos) ; Testamentos ; Legislação
532 13 $aHeranças e partilhas
675 ## $a347.6(469)(035)$vBN$zpor$31465945
675 ## $a347.91(469)(035)$vBN$zpor$31309548
700 #1 $aSoares,$bCarlos Ricardo,$f1957-$3798293
801 #0 $aPT$bBN$gRPC
856 41 $uhttp://rnod.bnportugal.gov.pt/ImagesBN/winlibimg.aspx?skey=&doc=1887925&img=50375&save=true
900 ## $aBIBNAC$d20141112
966 ## $lBN$mFGMON$sS.C. 139038 V.$x1

Etiqueta de registo: 00000nam 2200025 450
001 1947431
003 http://id.bnportugal.gov.pt/bib/catbnp/1947431
010 ## $a978-972-40-6852-7
021 ## $aPT$b419375/16
100 ## $a20161109d2017 k y0pory01030103ba
101 0# $apor
102 ## $aPT
105 ## $ay z 000yy
106 ## $ar
200 1# $aHeranças & partilhas$eguia prático$fCarlos Ricardo Soares
205 ## $a6ª ed
210 #9 $aCoimbra$cAlmedina,$d2017
215 ## $a208 p.$d23 cm
225 2# $aGuias práticos
532 13 $aHeranças e partilhas
675 ## $a347.6(469)(035)$vBN$zpor$31465945
675 ## $a347.91(469)(035)$vBN$zpor$31309548
700 #1 $aSoares,$bCarlos Ricardo,$f1957-$3798293
801 #0 $aPT$bBN$gRPC
856 41 $uhttp://rnod.bnportugal.gov.pt/ImagesBN/winlibimg.aspx?skey=&doc=1947431&img=89697&save=true
900 ## $aBIBNAC$d20170221
966 ## $lBN$mFGMON$sS.C. 144857 V.$x1

Etiqueta de registo: 00000nam 2200025 450
001 1916755
003 http://id.bnportugal.gov.pt/bib/catbnp/1916755
010 ## $a978-972-40-6425-3
021 ## $aPT$b405265/16
100 ## $a20151130d2016 k y0pory01030103ba
101 0# $apor
102 ## $aPT
105 ## $ay g 000yy
106 ## $ar
200 1# $aHeranças & partilhas$eguia prático$fCarlos Ricardo Soares
205 ## $a5ª ed
210 #9 $aCoimbra$cAlmedina,$d2016
215 ## $a168 p.$d23 cm
225 2# $aGuias práticos
532 13 $aHeranças e partilhas
675 ## $a347.6(469)(035)$vBN$zpor$31465945
675 ## $a347.91(469)(035)$vBN$zpor$31309548
700 #1 $aSoares,$bCarlos Ricardo,$f1957-$3798293
801 #0 $aPT$bBN$gRPC
856 41 $uhttp://rnod.bnportugal.gov.pt/ImagesBN/winlibimg.aspx?skey=&doc=1916755&img=85756&save=true
966 ## $lBN$mFGMON$sS.C. 144397 V.$x1

Etiqueta de registo: 00230nam 2200025 450
001 1776560
003 http://id.bnportugal.gov.pt/bib/catbnp/1776560
010 ## $a978-989-96659-0-3
021 ## $aPT$b306833/10
100 ## $a20110408d2010 m y0pory0103 ba
101 0# $apor
102 ## $aPT
105 ## $ay z 000ay
106 ## $ar
200 1# $aEscritos online$fCarlos Ricardo Soares
205 ## $a1ª ed
210 #9 $aLisboa$cC. R. Soares,$d2010$eLisboa :$gSítio do Livro)
215 ## $a288 p.$d21 cm
675 ## $a821.134.3-84"20"$vBN$zpor$31092794
700 #1 $aSoares,$bCarlos Ricardo,$f1957-$3798293
801 #0 $aPT$bBN$gRPC
900 ## $aBIBNAC$d20111109
966 ## $lBN$mFGMON$sL. 108583 V.$x1

Etiqueta de registo: 00000nam 2200025 450
001 2033508
003 http://id.bnportugal.gov.pt/bib/catbnp/2033508
010 ## $a978-972-40-8264-6
021 ## $aPT$b465810/20
100 ## $a20191114d2020 k y0pory01030103ba
101 0# $apor
102 ## $aPT
105 ## $ay g 000yy
106 ## $ar
200 1# $aHeranças & partilhas$eguia prático$fCarlos Ricardo Soares
205 ## $a7ª ed
210 #9 $aCoimbra$cAlmedina,$d2020
215 ## $a230 p.$d23 cm
225 2# $aGuias práticos
532 13 $aHeranças e partilhas
675 ## $a347.6(469)(035)$vBN$zpor$31465945
675 ## $a347.91(469)(035)$vBN$zpor$31309548
700 #1 $aSoares,$bCarlos Ricardo,$f1957-$3798293
801 #0 $aPT$bBN$gRPC
856 41 $uhttp://rnod.bnportugal.gov.pt/ImagesBN/winlibimg.aspx?skey=&doc=2033508&img=137459&save=true
900 ## $aBIBNAC$d20200518
966 ## $lBN$mFGMON$sS.C. 152594 V.$x1
966 ## $lBN$mFGMON$sS.C. 152594 V.-D$x1

Etiqueta de registo: 00230nam 2200025 450
001 1649148
003 http://id.bnportugal.gov.pt/bib/catbnp/1649148
010 ## $a972-40-2631-0
021 ## $aPT$b232163/05
100 ## $a20060406e2005 k y0pory0103 ba
101 0# $apor
102 ## $aPT
105 ## $ay z 001yy
106 ## $ar
200 1# $aContrato-promessa de compra e venda de fracção autónoma$eguia prático$fCarlos Ricardo Soares
205 ## $a3ª ed
210 #9 $aCoimbra$cAlmedina,$d2005
215 ## $a181 p.$d23 cm
675 ## $a347.4(469)(076)$vBN$zpor$31022447
700 #1 $aSoares,$bCarlos Ricardo,$f1957-$3798293
801 #0 $aPT$bBN$gRPC
900 ## $aBIBNAC$d20130602
966 ## $lBN$mFGMON$sS.C. 107431 V.$x1

Etiqueta de registo: 00657cam 2200241 450
001 1090788
003 http://id.bnportugal.gov.pt/bib/catbnp/1090788
005 20030617112500.0
010 ## $a972-40-1533-5
021 ## $aPT$b164468/01
100 ## $a20030322d20022000m y0pory0103 ba
101 0# $apor
102 ## $aPT
105 ## $ay n 001yy
106 ## $ar
200 1# $aHeranças & partilhas$eguia prático$fCarlos Ricardo Soares
205 ## $a2ª ed.,$breimp
210 #9 $aCoimbra$cAlmedina,$d2002
215 ## $a229 p.$d23 cm
532 12 $aHeranças e partilhas
675 ## $a347.6(469)(035)$vBN$zpor$31465945
700 #1 $aSoares,$bCarlos Ricardo,$f1957-$3798293
900 ## $aBIBNAC$d20130602
966 ## $lBN$mFGMON$sS.C. 94477 V.$x1
966 ## $lBN$mFGMON$sS.C. 94477 V.$x1

OpendataBNP@bnportugal.pt | Mais informação sobre acesso aos dados BNP